• 首页
  • 本馆介绍
  • 公告通知
  • 最新文献
  • 馆藏检索
  • 电子资源
  • 读者导购
  • 参考咨询
  • 我的图书馆
  • 登录
  • 详细信息显示
  • 放入我的书架
  • 预约/预借图书
  • 作者相关作品
  • 分类相关作品
  • 丛书相关作品
  • 出版社相关作品

书目信息

  • 表格格式
  • 工作单格式
  • 卡片格式
题名:
装饰雕塑
    
 
作者: 王铁城 , 刘玉庭 编著
分册:  
出版信息: 北京   中国纺织出版社  2005
页数: 132页
开本: 26cm
丛书名:
单 册:
中图分类: J313.3
科图分类:
主题词: 装饰雕塑--技法(美术)--高等学校--教材 , 装饰雕塑 , 技法(美术)
电子资源:
ISBN: 7-5064-3217-X
000 00880nam0 2200265 450
001 1238528195
005 20121019104249.40
010    @a7-5064-3217-X@dCNY32.00
100    @a20050204d2005 em y0chiy50 ea
101 0  @achi
102    @aCN@b110000
105    @aa z 000yy
200 1  @a装饰雕塑@Azhuang shi diao su@f王铁城,刘玉庭编著
210    @a北京@c中国纺织出版社@d2005
215    @a132页@c照片,图@d26cm
300    @a高等艺术设计专业系列教材
330    @a本书阐述了装饰雕塑的艺术语言及形式,中外装饰雕塑艺术的发展概况,装饰雕塑造型的语言媒介,装饰雕塑的材料与工艺等内容。
606 0  @a装饰雕塑@x技法(美术)@x高等学校@j教材
606 0  @a装饰雕塑
606 0  @a技法(美术)
690    @aJ313.3@v4
701  0 @a王铁城@Awang tie cheng@c(装饰美术)@4编著
701  0 @a刘玉庭@Aliu yu ting@c(装饰美术)@4编著
801  0 @aCN@bNLC@c20101222
905    @a10447@dJ313.3@eJY10
    
    装饰雕塑/王铁城,刘玉庭编著.-北京:中国纺织出版社,2005
    132页:照片,图;26cm
    高等艺术设计专业系列教材
    
    ISBN 7-5064-3217-X:CNY32.00
    本书阐述了装饰雕塑的艺术语言及形式,中外装饰雕塑艺术的发展概况,装饰雕塑造型的语言媒介,装饰雕塑的材料与工艺等内容。
●
相关链接 在E读中查询图书 在五车中查询图书 在当当中查询图书 在豆瓣中查询图书


正题名:装饰雕塑     索取号:J313.3/JY10         预约/预借

序号 登录号 条形码 馆藏地/架位号 状态 备注
1 7832902   278329024   学院路分馆/ [索取号:J313.3/JY10] 在馆    
2 7832903   278329033   学院路分馆/ [索取号:J313.3/JY10] 在馆    
3 7832904   278329042   学院路分馆/ [索取号:J313.3/JY10] 在馆    
4 7832905   278329051   学院路分馆/ [索取号:J313.3/JY10] 在馆    
唐山师范学院图书馆 欢迎您!
大连网信软件有限公司© 版权所有